Jago maa jagdambe / (Record no. 47347)

MARC details
000 -LEADER
fixed length control field 01168njm a22003017a 4500
005 - DATE AND TIME OF LATEST TRANSACTION
control field 20100914152621.0
007 - PHYSICAL DESCRIPTION FIXED FIELD--GENERAL INFORMATION
fixed length control field sd ammalaaahaa
008 - FIXED-LENGTH DATA ELEMENTS--GENERAL INFORMATION
fixed length control field 100913t xxu||||| |||| 00| 0 hin d
028 ## - PUBLISHER NUMBER
Publisher number SNLP 5006
Source Super;T-Series
035 ## - SYSTEM CONTROL NUMBER
System control number GR-05766
040 ## - CATALOGING SOURCE
Original cataloging agency SED/VEN
100 ## - MAIN ENTRY--PERSONAL NAME
Personal name Chanchal, Narendar
9 (RLIN) 1184
245 ## - TITLE STATEMENT
Title Jago maa jagdambe /
Statement of responsibility, etc by Narendar, Chanchal ; Lyrics by Chamanlal Josh ; Music by Sonik Omi
Medium [sound recording] :
246 ## - VARYING FORM OF TITLE
Title proper/short title जागो माँ जगदम्बे / नरेंदर चंचल द्वारा
260 ## - PUBLICATION, DISTRIBUTION, ETC. (IMPRINT)
Place of publication, distribution, etc Dum Dum India
Name of publisher, distributor, etc Super;T-Series
Date of publication, distribution, etc 1990
300 ## - PHYSICAL DESCRIPTION
Extent 1 sound disc [Gramophone record] :
Other physical details analog, 33 1/3 rpm
Dimensions 12.5 in. (LP)
Type of unit Gramophone Record
500 ## - GENERAL NOTE
General note Brief Record
500 ## - GENERAL NOTE
General note Record label :Super;T-Series, Red
505 ## - FORMATTED CONTENTS NOTE
Formatted contents note Side 1 Schhi hai tu Side 2 Beta jo bulaye
600 ## - SUBJECT ADDED ENTRY--PERSONAL NAME
Personal name Chanchal, Narendar
9 (RLIN) 19992
650 ## - SUBJECT ADDED ENTRY--TOPICAL TERM
Topical term or geographic name as entry element Bhajan
General subdivision Excerpts
Geographic subdivision India
9 (RLIN) 19603
700 ## - ADDED ENTRY--PERSONAL NAME
9 (RLIN) 19604
Personal name Omi, Sonik
700 ## - ADDED ENTRY--PERSONAL NAME
9 (RLIN) 19605
Personal name Josh, Chamanlal
700 ## - ADDED ENTRY--PERSONAL NAME
9 (RLIN) 20913
700 ## - ADDED ENTRY--PERSONAL NAME
9 (RLIN) 20914
942 ## - ADDED ENTRY ELEMENTS (KOHA)
Source of classification or shelving scheme Dewey Decimal Classification
Item type Gramaphone Records
Holdings
Withdrawn status Lost status Source of classification or shelving scheme Damaged status Not for loan Collection code Home library Current library Date acquired Source of acquisition Total Checkouts Barcode Date last seen Copy number Price effective from Koha item type
    Dewey Decimal Classification   Not For Loan Non-fiction Central Library Central Library 21/09/2010 SED/VEN   GR-05766 21/09/2010 1 21/09/2010 Gramaphone Records

© Delhi Public Library
Hit Counter
free hit counter